Sports Quiz

Random Sports or NBA Quiz

50 Greatest Players in NBA History Quiz Stats

Quiz Updated Jan 23, 2015

Challenge
Share
Tweet
Score 0/47 Timer 08:00
25 Plays Today
% Correct
Michael Jordan
97.5%
Larry Bird
95%
Magic Johnson
91.8%
Scottie Pippen
85.7%
Kareem Abdul-Jabbar
85.7%
Charles Barkley
85.2%
John Stockton
85.1%
Karl Malone
83.3%
Moses Malone
82%
Bill Russell
81.9%
Wilt Chamberlain
79.5%
Isiah Thomas
76.9%
David Robinson
75%
Patrick Ewing
72.6%
Julius Erving
71.1%
Kevin McHale
68.6%
Bill Walton
68.4%
Clyde Drexler
63%
Hakeem Olajuwon
60.3%
Oscar Robertson
57.4%
Bob Cousy
56.7%
Walt Frazier
52.9%
Robert Parish
51.2%
John Havlicek
48.4%
% Correct
George Gervin
43.2%
Elgin Baylor
42.7%
George Mikan
42.5%
Sam Jones
40.9%
Rick Barry
40.8%
Lenny Wilkens
38.9%
James Worthy
36.6%
Bob Pettit
36.2%
Willis Reed
35.6%
Wes Unseld
35.3%
Nate Archibald
29.6%
Dave Cowens
29.4%
Elvin Hayes
28.9%
Earl Monroe
25.2%
Dolph Schayes
22.8%
Dave Bing
21.9%
Jerry Lucas
17.9%
Dave DeBusschere
17.7%
Billy Cunningham
16.9%
Paul Arizin
16.6%
Hal Greer
16%
Nate Thurmond
15.9%
Bill Sharman
14%

You're not logged in!

Compare scores with friends on all Sporcle quizzes.
Join for Free
OR
Log In

You Might Also Like...

Show Comments

Extras

Top Quizzes Today


Score Distribution

Your Account Isn't Verified!

In order to create a playlist on Sporcle, you need to verify the email address you used during registration. Go to your Sporcle Settings to finish the process.

Report this User

Report this user for behavior that violates our Community Guidelines.

Details: